[Event "Doha Winter Cup"]
[Site "Doha"]
[Date "2018.02.09"]
[Round "7"]
[White "Al Saadi, Ali"]
[Black "Nasar, El Hassan"]
[Result "0-1"]
[WhiteElo "1218"]
[BlackElo "1603"]
[PlyCount "148"]
[EventDate "2018.02.01"]
[EventType "tourn"]
[EventRounds "9"]
[EventCountry "QAT"]
[SourceTitle "CBM 182 Extra"]
[Source "ChessBase"]
[SourceDate "2018.02.23"]
[SourceVersion "1"]
[SourceVersionDate "2018.02.23"]
[SourceQuality "1"]

1. e4 e5 2. Nf3 Nc6 3. Nc3 Nf6 4. d4 exd4 5. Nxd4 Bb4 6. Nxc6 Bxc3+ 7. bxc3 bxc6 8. Bd3 Qe7 9. 0-0 0-0 10. Re1 a5 11. a4 h6 12. e5 Nd5 13. Ba3 c5 14. c4 Nf4 15. Be4 Rb8 16. Qd2 Qg5 17. Qe3 d6 18. Qg3 dxe5 19. Qxg5 hxg5 20. Bxc5 Re8 21. Kf1 Bb7 22. Bxb7 Rxb7 23. Rab1 Rxb1 24. Rxb1 Rd8 25. g3 Ne6 26. Be3 f5 27. Rb5 f4 28. Rxe5 Rd6 29. c5 Rc6 30. Bd2 fxg3 31. hxg3 Nxc5 32. Rxg5 Nxa4 33. Rxa5 Nb6 34. Ra2 Nc4 35. Bb4 Nb6 36. Ba5 Nd5 37. c3 Ra6 38. Ra3 Rc6 39. Ra2 Kf7 40. Kg2 Rc5 41. Bb4 Rc4 42. Rd2 Nxc3 43. Rc2 Rxb4 44. Rxc3 Rb7 45. Kf3 Ke6 46. Kg4 Kd7 47. Rd3+ Kc8 48. Rf3 c5 49. Rf8+ Kc7 50. Rf7+ Kc8 51. Rxb7 Kxb7 52. Kf4 Kc7 53. Ke4 Kd6 54. Kd3 Kd5 55. Kc3 Ke5 56. Kc4 Kd6 57. f4 Kc6 58. Kd3 Kd5 59. g4 c4+ 60. Ke3 c3 61. Kd3 c2 62. Kxc2 Ke4 63. f5 Kf4 64. Kd3 Kxg4 65. Ke2 Kf4 66. Kf2 Kxf5 67. Kg3 Kg5 68. Kh3 Kf4 69. Kg2 Kg4 70. Kh2 Kf3 71. Kg1 Kg3 72. Kh1 g5 73. Kg1 g4 74. Kh1 Kf2 0-1

[Event "Doha Winter Cup"]
[Site "Doha"]
[Date "2018.02.02"]
[Round "3"]
[White "Bologan, Anton"]
[Black "Nasar, El Hassan"]
[Result "0-1"]
[WhiteElo "1222"]
[BlackElo "1603"]
[PlyCount "88"]
[EventDate "2018.02.01"]
[EventType "tourn"]
[EventRounds "9"]
[EventCountry "QAT"]
[SourceTitle "CBM 182 Extra"]
[Source "ChessBase"]
[SourceDate "2018.02.23"]
[SourceVersion "1"]
[SourceVersionDate "2018.02.23"]
[SourceQuality "1"]

1. e4 e5 2. Nf3 Nc6 3. Bb5 a6 4. Bc4 Nf6 5. 0-0 Be7 6. c3 0-0 7. d4 exd4 8. cxd4 Nxe4 9. Re1 d5 10. Bd3 Nf6 11. Qc2 Nb4 12. Qe2 Nxd3 13. Qxd3 Re8 14. Nc3 Be6 15. Ne5 c5 16. dxc5 Bxc5 17. Bg5 h6 18. Bh4 Be7 19. Rad1 Qc7 20. f4 Ng4 21. Bxe7 Nxe5 22. fxe5 Qxe7 23. Nxd5 Qc5+ 24. Qd4 Qxd4+ 25. Rxd4 Red8 26. Red1 Kf8 27. Kf2 Rac8 28. R4d2 Rxd5 29. Rxd5 Bxd5 30. Rxd5 Rc2+ 31. Ke3 Rxb2 32. Rd2 Rxd2 33. Kxd2 Ke7 34. Kc3 Ke6 35. Kc4 b6 36. Kd4 g5 37. g3 h5 38. h3 b5 39. Kc5 Kxe5 40. Kb6 f5 41. Kxa6 f4 42. gxf4+ gxf4 43. Kxb5 f3 44. a4 f2 0-1